MARC

LEADER 00000nam0a2200000 4500
001 320505
005 20231102003303.0
035 |a (RuTPU)RU\TPU\book\346036 
090 |a 320505 
100 |a 20160708d1975 m y0rusy50 ca 
101 0 |a rus 
102 |a RU 
105 |a a z 001zy 
200 1 |a Экзобиология Луны  |f Г. П. Вдовыкин  |g Академия наук СССР (АН СССР) 
210 |a Москва  |c Наука  |d 1975 
215 |a 119 с.  |c ил. 
225 1 |a Проблемы науки и технического прогресса: ПНТП 
320 |a Библиогр.: с. 116-117 
606 1 |a Луна  |2 stltpush  |3 (RuTPU)RU\TPU\subj\68868  |9 83967 
610 1 |a астрономия 
610 1 |a экзобиология 
610 1 |a исследование 
610 1 |a космические аппараты 
610 1 |a биология 
610 1 |a лунные породы 
610 1 |a лунная поверхность 
610 1 |a углерод 
610 1 |a лунное небо 
610 1 |a сера 
610 1 |a фосфор 
610 1 |a кислород 
610 1 |a азот 
610 1 |a органогенные химические элементы 
610 1 |a метеоритные дожди 
675 |a 523.34  |v 4 
700 1 |a Вдовыкин  |b Г. П.  |g Геннадий Петрович 
712 0 2 |a Академия наук СССР (АН СССР)  |c (Ленинград/Москва)  |c (1925-1991)  |2 stltpush  |3 (RuTPU)RU\TPU\col\722 
801 1 |a RU  |b 63413507  |c 20160708 
801 2 |a RU  |b 63413507  |c 20200710  |g RCR 
942 |c BK